Регионална библиотека "Любен Каравелов" - Русе

Без дом (Запис номер 80454)

MARC детайли
000 -Лидер
Контролно поле с фиксирана дължина 01273nam a2200313 c 4500
003 - Код на организацията, давaща контролен номер
Контролно поле BLK
005 - Дата и час на последна редакция
Контролно поле 20180420224528.0
008 - Елементи от данни с фиксирана дължина
fixed length control field 180408b bul|||||r ||||||| ||bul||
010 ## - Наследен системен номер
LC control number KNG00084940000
020 ## - Международен стандартен номер на книга ISBN
Международен стандартен номер на книга ISBN 978-954-528-762-6
-- издат.: Труд
040 ## - Източник на каталожния запис
Идентификатор на билиотеката - собственик на записа BLK
041 ## - Код за език
Код за езика на текст/звукозапис или на отделно заглавие Български
Код за езика КДБФ Български
080 ## - УДК
Текстов определител УДК Френска литература
УДК код - определител по УДК 821.133.1
УДК определител -93-31
УДК - код + определител 821.133.1-93-31
100 1# - Редна дума - Автор
Автор Мало, Хектор
Авторска отговорност първи автор
R(LIN) 259281
139 ## - Редно поле
Редна дума Мало, Хектор
Авторски знак Малк - М 23
245 10 - Сведения за заглавието
Заглавие Без дом
Подзаглавни данни Роман
Редно поле (дума) Хектор Мало; прев. от фр. Гергана Манолова.
257 ## - Страна на издаване
Страна на създаване/издаване Франция
260 ## - Област на издателските данни
-- София
Име на издателя, разпространителя и проч. Труд
Година на издаване 2007
Печатница София : Д. Благоев
300 ## - Физическа характеристика
Страници 480 с.
Размери/Мащаб 21 см
380 ## - Жанр
Жанр Детска худож. лит.
490 1# - СЕРИИ (Колекции)
Име на серия Златни детски книги
№: серия 42
500 ## - Общи забележки
Забележка Ориг. загл. Sans Famille / Hector Malot. - - 1. изд. 1956 на изд. Нар. младеж в За средна училищна възраст. - Офс. изд. - Съдържа и за авт.
700 1# - Други автори (авторска отговорност)
Лично име Манолова, Гергана
Автороска отговорност (Описва отношението между автора и произведението) прев. от фр.
9 (RLIN) 299663
852 ## - Местоположение
Форматна сигнатура Цб 240820
856 4# - Електронен адрес и достъп
Електронен формат pdf - файл
Път до файла /url/
856 4# - Електронен адрес и достъп
Електронен формат pdf - файл
Път до файла /url/
942 ## - АРТИКУЛИ
Вид на библиотечния материал Книги
Скрит в OPAC Не
944 ## - СЪЗДАВАНЕ И РЕДАКЦИЯ на ЗАПИСА
Създаване/Редакция Създаване
Дата на регистрацията/редакция 20.08.2008
Служител, извършил регистрацията/редакцията Людмила_Стоянова
944 ## - СЪЗДАВАНЕ И РЕДАКЦИЯ на ЗАПИСА
Създаване/Редакция Редакция
Дата на регистрацията/редакция 11.09.2008
Служител, извършил регистрацията/редакцията
999 ## - СИСТЕМНИ КОНТРОЛНИ НОМЕРА
Koha biblionumber 80454
Koha biblioitemnumber 80454
Наличности
Код за отписване Код за изгубен артикул Код за повреда Коз за рестрикции Код за отдаване Артикулен № Име на библиотеката - собственик Име на библиотеката, в която се намира в момента Статус (Текущо местоположение) Дата на вписване в системата Местоположение - отдел Цена в лева Инвентарен номер Систематично азбучна сигнатура Баркод Номер на екземпляра Цена в евро Служебна бележка Служебен тип на артикула
  Не е изгубен Не е повреден без рестрикции ползва се в читалня 130442 Регионална библиотека "Любен Каравелов" Русе Регионална библиотека "Любен Каравелов" Русе Хранилище 2008-08-20 Хранилище 11.99 120000728144 Цб 240820 120000728144 1 6.13 Дост: Dp Вид: Д N: 20 Дата: 18.04.2008 Книги
Vip Innovations Ltd, Rousse, Bulgaria 2025